| 000 | 00595 a2200229 4500 | ||
|---|---|---|---|
| 005 | 20260512164058.0 | ||
| 008 | 260512b |||||||| |||| 00| 0 eng d | ||
| 020 |
_a9788197187414 _cRs. 3500.00 |
||
| 040 | _aMAIN | ||
| 082 |
_a615.3210954 _bS29G |
||
| 100 | _aSikarwar, Ramlakhan Singh | ||
| 245 | _aGramin Bharat ke aushadiya podhe | ||
| 250 | _a | ||
| 260 |
_bScientific Publishers _c2025 _aNew Delhi |
||
| 300 | _axvi, 238 | ||
| 650 | _aMedicine and Health | ||
| 650 | _aPharmacology | ||
| 650 | _aTherapeutics | ||
| 650 | _aMedicinal Plants | ||
| 650 | _aIndia | ||
| 942 | _cBK | ||
| 999 |
_c396019 _d396019 |
||